| 000 | 03231nam a22002537a 4500 | ||
|---|---|---|---|
| 003 | GR-AtMCL | ||
| 005 | 20260205123649.0 | ||
| 006 | a|||||r||||||||||| | ||
| 008 | e202302||gr |||||||||||||||||gre|d | ||
| 020 | _a9786185724030 | ||
| 040 |
_aGR-AtMCL _bgre _dGR-AtMCL |
||
| 041 | 1 | _heng | |
| 100 | 1 |
_aMaté, Gabor _94146 |
|
| 240 |
_aWhen the body says no. _lΕλληνικά |
||
| 245 | 1 | 0 |
_aΌταν το σώμα λέει όχι : _bτο κόστος του κρυφού στρες / _cGabor Maté ; μετάφραση Μαρία Κουκιάδη |
| 250 | _a1η έκδ. | ||
| 264 | 1 |
_aΑθήνα : _bKey Books, _c2023 |
|
| 300 |
_a343 σ. ; _c24 εκ. |
||
| 520 | _aΣτο διεθνές bestseller "Όταν το σώμα λέει όχι" ο Gabor Mate εξηγεί τι είναι το κρυφό στρες, πώς μας οδηγεί σε μια σειρά από ασθένειες - και, το κυριότερο, πώς μπορούμε να θεραπευτούμε. Μπορεί ένας άνθρωπος να πεθάνει -κυριολεκτικά- από μοναξιά; Συνδέονται τα καταπιεσμένα συναισθήματα με το Αλτσχάιμερ; Υπάρχει άραγε η «προσωπικότητα του καρκινοπαθούς»; Tα σύγχρονα επιστημονικά ευρήματα επιβεβαιώνουν την αρχαία σοφία: τα συναισθήματα επηρεάζουν καθοριστικά την υγεία μας. Τα καταπιεσμένα συναισθήματα προκαλούν στρες, που με τη σειρά του αποτελεί τη γενεσιουργό αιτία πολλών παθήσεων. Ο γιατρός Gabor Mate είναι ειδικός σε θέματα τραύματος, εξαρτήσεων και στρες. Στο έργο του αυτό αντλεί στοιχεία από πρωτοποριακές έρευνες, καθώς και από τις αληθινές ιστορίες ασθενών του, για να εξετάσει τον ρόλο που παίζει το κρυφό στρες στην εμφάνιση μιας σειράς ασθενειών, όπως οι καρδιοπάθειες, ο διαβήτης, το σύνδρομο ευερέθιστου εντέρου, η σκλήρυνση κατά πλάκας, η αρθρίτιδα, o καρκίνος και μια σειρά από αυτοάνοσα. Επιπρόσθετα, ο συγγραφέας προχωρά ένα βήμα παρακάτω παρουσιάζοντας τους 7 Κανόνες της Θεραπείας, που μας οδηγούν από το στάδιο της Αποδοχής σε αυτό της Αυτονομίας. Με συμπόνια και σοφία, στο βιβλίο αυτό ο Gabor Mate ξαναβάζει στον πυρήνα της ιατρικής τη σύνδεση μυαλού-σώματος και μας δείχνει τον τρόπο ώστε να προφυλάξουμε την υγεία μας. | ||
| 650 | 0 |
_aΨυχολογία _99898 |
|
| 700 |
_aΚουκιάδη, Μαρία _910322 |
||
| 942 | _cBK | ||
| 999 |
_c10105 _d10105 |
||